LEADER 00940nam a2200193 i 4500 001 000000217069 003 CaOOAMICUS 005 20121120000000.0 008 121120s1726 xx u000 u fre u 013 $a195965 026 $anele onse ezai pame (3) 1726 (R) 040 $aSeMil$bita 245 10$aTome 1. Part 2. 300 $a392, [2] p. 500 $aSegn. : A4 B-R12 S2. 773 0 $aLe Courayer, Pierre-François <1681-1776>$tDéfense de la dissertation sur la validité des ordinations des anglois. Contre les differentes réponses qui y ont été faites. Avec les preuves justificatives des faits avancez dans cet ouvrage. Par l'Auteur de la dissertation. Tome 1. [-2.].$dA Bruxelles : Chez Simon T'Serstevens : près les RR. PP. Dominicains, 1726.$g1$w()27675 850 $aSeMil 852 $aSeMil$W1$xVenegono$y1$m2E II 118 FA$j167485$B167485$CSeMilBibl$Z2$F178272 $8I 996 $6245$aTome 1. Part 2$9(OLS)http://semarc/title/311979 LEADER 00701nam a2200181 i 4500 001 000000202397 003 CaOOAMICUS 005 20110523000000.0 008 110523s1855 it u000 u ita u 013 $a181105 040 $aSeMil$bita 245 10$aProse. 300 $aXI, 648 p. 650 4$aLetteratura italiana - Antologie.$0(OLS)http://semarc/subject/2248 773 0 $aZoncada, Antonio <1813-1887>$tFasti delle lettere in Italia nel corrente secolo additati alla studiosa gioventù.$dMilano : presso Giacomo Gnocchi, 1855.$g2$w()888 850 $aSeMil 852 $aSeMil$W1$xVenegono$y1$m1C VII 14 FA$j214526$B152920$CSeMilBibl$Z2$F163943 $8I 996 $6245$aProse$9(OLS)http://semarc/title/23989